Rightly dividing the word. (Record no. 3390)

000 -LEADER
fixed length control field 00649nam a2200193 a 4500
001 - CONTROL NUMBER
control field :::00001120$&:&@@
003 - CONTROL NUMBER IDENTIFIER
control field OkBaRHE
005 - DATE AND TIME OF LATEST TRANSACTION
control field 20000607103241.0
008 - FIXED-LENGTH DATA ELEMENTS--GENERAL INFORMATION
fixed length control field j 000 0 eng u
040 ## - CATALOGING SOURCE
Transcribing agency
100 1# - MAIN ENTRY--PERSONAL NAME
Personal name Larkin, Clarence.
245 10 - TITLE STATEMENT
Title Rightly dividing the word.
260 ## - PUBLICATION, DISTRIBUTION, ETC. (IMPRINT)
Place of publication, distribution, etc Philadelphia, PA., :
Name of publisher, distributor, etc Rev. Clarence Larkin Est.
Date of publication, distribution, etc nd
300 ## - PHYSICAL DESCRIPTION
Extent 328 p. : illus. ;
Dimensions 20 cm.
650 ## - SUBJECT ADDED ENTRY--TOPICAL TERM
Topical term or geographic name as entry element Bible
General subdivision Theology
942 ## - ADDED ENTRY ELEMENTS (KOHA)
Source of classification or shelving scheme
Koha item type Books
Copies
Lost status Date last seen Not for loan Price effective from Date acquired Full call number Shelving location Damaged status Permanent Location Barcode Koha item type Source of classification or shelving scheme Withdrawn status Copy number
 2018-02-16 2010-04-142010-04-14BS 543 .L34General Stacks RHEMA Bible Training College1120Books  1
 2018-02-16 2010-04-142010-04-14BS 543 .L34General Stacks RHEMA Bible Training College20502Books  2